000 00960cam a2200277 i 4500
001 37272
003 Mx-PuUPA
005 20260218114530.0
008 140415s2022 ny gr 001 0 eng d
020 _a9781626984691
_qrústica
040 _cMx-PuUPA
_aMx-PuUPA
_bspa
_dMx-PuUPA
_erda
041 0 _aeng
100 1 _aSedmak, Clemens,
_d1971-
_eautor
_917849
245 1 0 _aEnacting catholic social tradition :
_bthe deep practice of human dignity /
_cClemens Sedmak
264 1 _aMaryknoll, NY :
_bOrbis Books,
_c©2022
300 _axxxvi, 206 páginas ;
_c24 cm
336 _2rdacontent
_atexto
_btxt
337 _2rdamedia
_asin medio
_bn
338 _2rdacarrier
_avolumen
_bnc
650 7 _2armarc
_aIglesia Católica
_xDoctrinas
650 7 _2armarc
_aSociología cristiana
_xIglesia Católica
650 7 _2armarc
_aÉtica cristiana
_xAutores católicos
942 _2ddc
_cLI
_h261.8
_iS44
999 _c37272
_d37272